书目信息 |
| 题名: |
传统文化与中日两国社会经济发展
|
|
| 作者: | 李玉 严绍璗 | |
| 分册: | ||
| 出版信息: | 北京 北京大学出版社 2000 |
|
| 页数: | ||
| 开本: | ||
| 丛书名: | ||
| 单 册: | ||
| 中图分类: | G1 | |
| 科图分类: | ||
| 主题词: | 文化事业--基本建设 , 文化事业--概况--世界 | |
| 电子资源: | ||
| ISBN: | 7-301-01015-X | |
| 000 | 00587nam0 2200181 450 | |
| 001 | 0735257515 | |
| 005 | 20070904094737.51 | |
| 010 | @a7-301-01015-X@d30 | |
| 100 | @a20070904d km y0chiy0120 ea | |
| 101 | 0 | @achi |
| 200 | 1 | @a传统文化与中日两国社会经济发展@Achuan tong wen hua yu zhong ri liang guo she hui jing ji fa zhan@f李玉 严绍璗@Fli yu yan shao dang |
| 210 | @a北京@c北京大学出版社@d2000 | |
| 606 | 0 | @a文化事业@x基本建设 |
| 606 | 0 | @a文化事业@x概况@x世界 |
| 690 | @aG1@v3 | |
| 701 | 0 | @a李玉 严绍璗@Ali yu yan shao dang |
| 801 | 0 | @aCN@bPFT@c20070904 |
| 905 | @a213230@dG1@ea1@f1 | |
| 传统文化与中日两国社会经济发展/李玉 严绍璗.-北京:北京大学出版社,2000 |
| ISBN 7-301-01015-X:30 |
| ● |
| 相关链接 |
|
|
|
|
正题名:传统文化与中日两国社会经济发展
索取号:G1/a1
 
预约/预借
| 序号 | 登录号 | 条形码 | 馆藏地/架位号 | 状态 | 备注 |
| 1 | 7503293 | 275032938 | 史法系资料室/ [索取号:G1/a1] | 在馆 |